Sofia Carson Filmography - Statistics

General Stats
  • This quiz has been taken 43 times
    14 since last reset
  • The average score is 7 of 14
Answer Stats
Year Movie % Correct
2015 Descendants
92%
2017 Descendants 2
85%
2019 Descendants 3
85%
2025 My Oxford Year
85%
2022 Purple Hearts
85%
2020 Feel the Beat
69%
2025 The Life List
62%
2024 Carry-On
54%
2016 Adventures in Babysitting
38%
2020 Songbird
38%
2016 A Cinderella Story: If the Shoe Fits
31%
TBD Last Night at the Lobster
8%
2021 My Little Pony: A New Generation
8%
2016 Tini: The New Life of Violetta
0%
No matching quizzes found
Score Distribution
Percent of People with Each Score
Percentile by Number Answered
Your Score History
You have not taken this quiz since the last reset